00691 2200229 4500001002100000005001700021008004100038020001800079035002400097040001200121082001100133090002200144100001900166245009700185250001100282260004100293300003000334650002300364700004100387850001200428990002100440YOGYA-0311000000069420110331085935.0 ind  a979-9246-67-9 0010-031100000000694 aYOPDYOG a028.55 aDEP 028.55bAta A aATAKASI, Lukas aAnak-anak kapal/cLukas Atakasi ; penyunting, Hermawan H. Nugroho ; ilustrasi, E.Nasabandhi. aCet.1. aYogyakartabAdicita Karya Nusac2001 ax, 117 hlm.bilusc20 cm. aBacaan kanak-kanak aNugroho, Hermawan H.aNasabandhi, E. aYOPDYOG aCB-D.11 2001-163